La formación y el desarrollo profesional del profesorado: hacia una nueva cultura profesional

I tiakina i:
Ngā taipitopito rārangi puna kōrero
Kaituhi matua: Imbernón Muñoz, Francisco (Author)
Hōputu: Pukapuka
Reo:Pāniora
I whakaputaina: Barcelona Graó 1994
Putanga:1a. ed
Rangatū:Biblioteca de Aula, 4
Ngā marau:
Ngā Tūtohu: Tāpirihia he Tūtohu
Kāore He Tūtohu, Me noho koe te mea tuatahi ki te tūtohu i tēnei pūkete!

MARC

LEADER 00000cam a2200000 a 4500
001 UCZ6703
003 CL-VaPUC
008 951214e19940000SP |||||||||||||||||spa|d
020 |a 8478271066 
082 0 4 |a 370.71  |b IMB  |2 21 
100 |a Imbernón Muñoz, Francisco  |e author  |9 558233 
245 1 3 |a La formación y el desarrollo profesional del profesorado: hacia una nueva cultura profesional 
250 |a 1a. ed 
300 |a 163 p 
942 |c BK 
945 |d 19951214 00:00:00  |a rleighto 
260 |a Barcelona  |b Graó  |c 1994 
650 0 |a Docentes  |9 311365 
650 7 |a PERSONAL DE EDUCACION  |2 CL-VaPUC  |9 343517 
650 7 |a DOCENCIA  |2 CL-VaPUC  |9 351164 
650 0 |a Formación de docentes  |9 329378 
650 0 |a Formación profesional de profesores  |9 307493 
650 7 |a CAPACITACION  |2 CL-VaPUC  |9 333907 
583 |a last modification  |c 20131001 05:02:19  |k Rodrigo Vera 
490 0 |a Biblioteca de Aula, 4 
999 |c 242887  |d 242885 
952 |0 0  |1 0  |4 0  |6 370_710000000000000_IMB_1994  |7 0  |8 A  |9 256193  |a BIBEDU  |b BIBEDU  |d 2019-11-19  |i 3161684  |o 370.71 IMB 1994  |p 3161684  |r 2019-11-19  |w 2019-11-19  |y BK  |k EDU 
952 |0 0  |1 0  |4 0  |6 370_710000000000000_IMB_1994  |7 0  |8 A  |9 256194  |a BIBEDU  |b BIBEDU  |c ES_NOD  |d 2019-11-19  |i 3221261  |o 370.71 IMB 1994  |p 3221261  |r 2023-08-09  |w 2019-11-19  |y BK  |k EDU 
952 |0 0  |1 0  |4 0  |6 370_710000000000000_IMB_1994  |7 0  |8 A  |9 256195  |a BIBEDU  |b BIBEDU  |c ES_NOD  |d 2019-11-19  |i 3295699  |o 370.71 IMB 1994  |p 3295699  |r 2023-08-09  |w 2019-11-19  |y BK  |k EPE 
952 |0 0  |1 0  |4 0  |6 370_710000000000000_IMB_1994  |7 0  |8 A  |9 256196  |a BIBEDU  |b BIBEDU  |d 2019-11-19  |i 3295702  |l 1  |o 370.71 IMB 1994  |p 3295702  |q 2020-10-28  |r 2020-07-28  |s 2020-07-28  |w 2019-11-19  |y BK  |k EPE 
952 |0 0  |1 0  |4 0  |6 370_710000000000000_IMB_1994  |7 0  |8 A  |9 256197  |a BIBEDU  |b BIBEDU  |c ES_NOD  |d 2019-11-19  |i 3298868  |o 370.71 IMB 1994  |p 3298868  |r 2023-08-09  |w 2019-11-19  |y BK  |k EDU 
952 |0 0  |1 0  |4 0  |6 370_710000000000000_IMB_1994  |7 0  |8 A  |9 256198  |a BIBEDU  |b BIBEDU  |c ES_NOD  |d 2019-11-19  |i 3298981  |o 370.71 IMB 1994  |p 3298981  |r 2023-08-09  |w 2019-11-19  |y BK  |k EDU 
952 |0 0  |1 0  |4 0  |6 370_710000000000000_IMB_1994  |7 0  |8 A  |9 256199  |a BIBEDU  |b BIBEDU  |c ES_NOD  |d 2019-11-19  |i 4191439  |o 370.71 IMB 1994  |p 4191439  |r 2023-08-09  |w 2019-11-19  |y BK  |k EDU 
952 |0 0  |1 0  |3 erb  |4 0  |6 370_710000000000000_IMB_1994  |7 0  |8 A  |9 256201  |a BIBTEO  |b BIBTEO  |d 2019-11-19  |i 5015618  |o 370.71 IMB 1994  |p 5015618  |r 2025-01-17  |w 2019-11-19  |y BK  |z Catalogado en:20131004  |k ICR